Oxitocin a szkizofrénia kezelésében mítosz vagy csoda? /
Schizophrenia is a complex mental disorder affecting 1% of the population. It is characterized by abnormal behavior, cognitive deficits, and hallucinations. The underlying pathological changes have not been completely discovered yet. However, it is hypothesized that the imbalance of the neurotransmi...
Elmentve itt :
| Szerző: | |
|---|---|
| Testületi szerző: | |
| Dokumentumtípus: | Könyv része |
| Megjelent: |
Szegedi Tudományegyetem Móra Ferenc Szakkollégiuma
Szeged
2023
|
| Sorozat: | Móra Akadémia
12 Móra Akadémia : szakkollégiumi tanulmánykötet 12. 12 |
| Kulcsszavak: | Oxitocin, Szkizofrénia - kezelés |
| Tárgyszavak: | |
| Online Access: | http://acta.bibl.u-szeged.hu/78958 |
| LEADER | 01770naa a2200253 i 4500 | ||
|---|---|---|---|
| 001 | acta78958 | ||
| 005 | 20230626061015.0 | ||
| 008 | 230626s2023 hu o 0|| hun d | ||
| 022 | |a 2064-809X | ||
| 040 | |a SZTE Egyetemi Kiadványok Repozitórium |b hun | ||
| 041 | |a hun | ||
| 041 | |a eng | ||
| 100 | 1 | |a Plesz Szonja Bianka | |
| 245 | 1 | 0 | |a Oxitocin a szkizofrénia kezelésében |h [elektronikus dokumentum] : |b mítosz vagy csoda? / |c Plesz Szonja Bianka |
| 260 | |a Szegedi Tudományegyetem Móra Ferenc Szakkollégiuma |b Szeged |c 2023 | ||
| 300 | |a 29-35 | ||
| 490 | 0 | |a Móra Akadémia |v 12 | |
| 490 | 0 | |a Móra Akadémia : szakkollégiumi tanulmánykötet 12. |v 12 | |
| 520 | 3 | |a Schizophrenia is a complex mental disorder affecting 1% of the population. It is characterized by abnormal behavior, cognitive deficits, and hallucinations. The underlying pathological changes have not been completely discovered yet. However, it is hypothesized that the imbalance of the neurotransmitter systems like dopaminergic, serotonergic, glutamatergic, or cholinergic neural pathways are involved in the etiology of schizophrenia. There is growing evidence that the alteration of the oxytocinergic system also plays a role in its development. Moreover, several studies proved that the antipsychotic treatment combined with intranasal oxytocin could improve symptom severity. This minireview focuses on how the neurohormone oxytocin is related to schizophrenia. | |
| 650 | 4 | |a Orvos- és egészségtudomány | |
| 650 | 4 | |a Klinikai orvostan | |
| 695 | |a Oxitocin, Szkizofrénia - kezelés | ||
| 710 | |a Móra Kárpát-medencei Interdiszciplináris Szakkollégiumi Konferencia (6.) (2022) (Szeged) | ||
| 856 | 4 | 0 | |u http://acta.bibl.u-szeged.hu/78958/1/moraakademia_012_029-035.pdf |z Dokumentum-elérés |